00579nai a2200157Ia 4500003000900000008004100009022002200050022002300072040001600095245008600111260003400197310001100231362002600242521006900268856008400337IN-BaIIA211028c9999 xx s 000 0 eng d a1552-4973 (Print) a1552-4981 (Online) cIIA Library 0aJournal of Biomedical Materials Research Part B: Applied Biomaterialsh[eJournal] aNew JerseybJohn Wiley & Sons a8/year a30(1); 1996 - Present bSubscribed through National Knowledge Resource Consortium (NKRC) uhttps://onlinelibrary.wiley.com/journal/15524981yClick Here to Access eJournal